Legitimizing Human Rights: Secular and Religious Perspectives (Record no. 80492)

MARC details
000 -LEADER
fixed length control field 00964nam a2200181 a 4500
008 - FIXED-LENGTH DATA ELEMENTS--GENERAL INFORMATION
fixed length control field 211119s2013 ||||||||||||||||| || u
020 ## - INTERNATIONAL STANDARD BOOK NUMBER
International Standard Book Number 9781409450023
050 ## - LIBRARY OF CONGRESS CALL NUMBER
Classification number K 3240 Leg
100 ## - MAIN ENTRY--PERSONAL NAME
Personal name Menuge, Angus J.L
245 10 - TITLE STATEMENT
Title Legitimizing Human Rights: Secular and Religious Perspectives
Statement of responsibility, etc. Edited by Angus J.L Menuge
260 ## - PUBLICATION, DISTRIBUTION, ETC.
Place of publication, distribution, etc. USA
Name of publisher, distributor, etc. Ashgate
Date of publication, distribution, etc. 2013
300 ## - PHYSICAL DESCRIPTION
Extent xi,218 pages: illustration
650 ## - SUBJECT ADDED ENTRY--TOPICAL TERM
Topical term or geographic name entry element HUMAN RIGHTS--RELIGIOUS ASPECTS
650 #0 - SUBJECT ADDED ENTRY--TOPICAL TERM
Topical term or geographic name entry element HUMAN RIGHTS
995 ## -
-- MAIN LIBRARY OPEN ACCESS
-- 751158
-- CBU-MAIN LIBRARY (Kitwe)
-- 151.93
-- K 3240 Leg
-- 2
-- AVAILABLE
-- Nov 19, 2021
-- 751158
-- Main Library Open Access Collection
995 ## -
-- MAIN LIBRARY OPEN ACCESS
-- 751157
-- CBU-MAIN LIBRARY (Kitwe)
-- 151.93
-- K 3240 Leg
-- 1
-- AVAILABLE
-- Nov 19, 2021
-- 751157
-- Main Library Open Access Collection
995 ## -
-- MAIN LIBRARY OPEN ACCESS
-- 751159
-- CBU-MAIN LIBRARY (Kitwe)
-- 151.93
-- K 3240 Leg
-- 3
-- AVAILABLE
-- Nov 19, 2021
-- 751159
-- Main Library Open Access Collection
999 ## -
-- 80492
-- 80492
Holdings
Withdrawn status Lost status Source of classification or shelving scheme Damaged status Not for loan Permanent Location Current Location Shelving location Date acquired Total Checkouts Full call number Barcode Date last seen Copy number Price effective from Koha item type
          CBU-MAIN LIBRARY, KITWE. CBU-MAIN LIBRARY, KITWE.   06/30/2023   K 3240 Leg 751158 06/30/2023 1 06/30/2023 MONOGRAPH
          CBU-MAIN LIBRARY, KITWE. CBU-MAIN LIBRARY, KITWE.   06/30/2023   K 3240 Leg 751157 06/30/2023 2 06/30/2023 MONOGRAPH
          CBU-MAIN LIBRARY, KITWE. CBU-MAIN LIBRARY, KITWE.   06/30/2023   K 3240 Leg 751159 06/30/2023 3 06/30/2023 MONOGRAPH